000 00453nam a2200157 4500
001 116622
003 ES-MaACL
005 20230906190735.0
007 t|
008 061121s1911 xxk r ||||1| eng d
100 1 _aPartington, J. Riddick.
_989292
245 1 0 _aHigher mathematics for chemical students /
_cby Riddick J. Partington.
260 _aLondon :
_bMethuen and Co,
_c1911.
300 _a272 p. :
_bil ;
_c20 cm.
852 _aES-MaACL
_jF-6621
999 _c116622
_d116622